| 000 | 00553nam a2200181Ia 4500 | ||
|---|---|---|---|
| 008 | 190805s9999||||xx |||||||||||||| ||und|| | ||
| 020 |
_a9788180549885 _cRs. 685.00 |
||
| 082 | 0 | 4 |
_a657.046 _bG9592/v.2 |
| 100 | 1 | _aGupta, R. L. | |
| 245 | 1 | 0 |
_aAdvanced Accountancy- Vol-II / _cR. L. Gupta and M. Radhaswamy |
| 250 | _a17th ed. | ||
| 260 |
_aNew Delhi : _bSultan Chand & Sons, _c2014, reprinted 2017 |
||
| 300 |
_avarious pagination _b : _c; |
||
| 650 | 0 |
_aAccounting _vTextbooks |
|
| 700 | 1 | _aRadhaswamy, M. | |
| 942 | _cBK | ||
| 999 |
_c161 _d161 |
||